Sports Quiz

Random Sports or NFL Quiz

NFL Team Name Origins Quiz Stats

 Plays Quiz Updated Feb 6, 2017

Score 0/32 Timer 08:00
1 Play Today
Name Origin Team % Correct
Named in honor of head coach Paul Brown.Cleveland Browns
88.3%
George Halas reasoned that football players were bigger than baseball players, and that these animals are bigger than cubs.Chicago Bears
85.4%
As the birthplace of the American Revolution, it sort of fit.New England Patriots
84.9%
Joe Robbie picked it from a pool of fan suggestions for being 'one of the fastest and smartest creatures in the sea.'Miami Dolphins
83.1%
Named for the spirit of adventure from pioneers brought west through a gold rush.San Francisco 49ers
83%
Art Rooney Sr. allegedly named the team after its city's legendary industrial history.Pittsburgh Steelers
82.4%
Named for the eponymous antagonist of Edgar Allan Poe's most famous poem.Baltimore Ravens
81%
Named to honor Lone Star Dietz, who may or may not have been Sioux; somehow, many Native Americans don't feel too gracious.Washington Redskins
79.8%
Named for the proud tradition of horse racing in the Baltimore area. Yeah, about that...Indianapolis Colts
79.4%
Hoping to be 'the monarch of the league', this team was named for 'the monarch of the jungle.'Detroit Lions
79%
Named 'The Rangers', but had to change its name thanks to an area baseball team already using the name.Dallas Cowboys
78.6%
Named for the subject of a famous jazzy marching song.New Orleans Saints
77.4%
Bert Rose chose this name due to the vast Scandinavian heritage of the region.Minnesota Vikings
76.7%
Named for a rare white tiger famously kept in the city zoo (well, actually, named after a team that was named after the tiger).Cincinnati Bengals
75.8%
Name was 'borrowed' from the town's baseball team, who have since moved to California. No, not the Dodgers.New York Giants
74.4%
An advisory board chose this name from a pool of 400, probably from its city's history of piracy.Tampa Bay Buccaneers
74.2%
Name Origin Team % Correct
In an attempt to modernize the team, Sonny Werblin chose this sleek name. Also, the stadium they would play in sat between two airports.New York Jets
73.2%
The Indian Packing Company gave this team $500 for uniforms and equipment.Green Bay Packers
71.6%
Named for the largest cat in the Americas. Alliteration helped.Jacksonville Jaguars
71.3%
A schoolteacher submitted this bird's name because it's 'proud and dignified with great courage and fight.'Atlanta Falcons
71.2%
Owner Homer Marshman loved the name of Fordham University's sheepish mascot.Los Angeles Rams
71.1%
Named for its state. No, really.Houston Texans
67.9%
Won a fan contest (like many teams) for its equine mixture of speed and might.Denver Broncos
62.6%
This name came in third in a fan contest after accusations that 'the SeƱors' was a fixed winner; perhaps 'brigand', 'bandit' and 'pirate' were too intense.Oakland Raiders
62.4%
Named for a traditional chant involving a bugle and a military command at Dodgers Stadium and USC games.Los Angeles Chargers
61.7%
Won a fan contest; presumably, alliteration was the reason the more common term 'osprey' wasn't chosen.Seattle Seahawks
61.2%
'Strength, leadership and heroic qualities' spawned this name, because we all remember how Cronus heroically ate his kids to avoid being usurped.Tennessee Titans
58.1%
Used the same name as an AAFC team from earlier years, which itself was playing off the nickname of frontiersman William Cody.Buffalo Bills
57.8%
Named for Harold Bartle, a mayor who earned his nickname for working with Native Americans in Wyoming.Kansas City Chiefs
57.3%
Named to have synergy between the team colors (black, blue and silver) and the team name.Carolina Panthers
56.2%
Named for their maroon jerseys, actually, not the animal.Arizona Cardinals
55.3%
Named for the patriotic mascot of the National Recovery Administration of the New Deal.Philadelphia Eagles
52.3%

You're not logged in!

Compare scores with friends on all Sporcle quizzes.
OR
Log In

Sporcle TV

Today on Sporcle TV


Watch our educational content, quiz creation guides, and fun videos on Sporcle TV.

Show Comments

Extras

Top Quizzes Today


Score Distribution

Your Account Isn't Verified!

In order to create a playlist on Sporcle, you need to verify the email address you used during registration. Go to your Sporcle Settings to finish the process.

Report this User

Report this user for behavior that violates our Community Guidelines.

Details: